100 artists who shaped world history /

Bibliographic Details
Main Author: Krystal, Barbara
Format: Book
Language:English
Published: San Mateo, CA : Bluewood Books, 1997.
Series:100 series.
Subjects:

MARC

Tag First Indicator Second Indicator Subfields
LEADER 00000cam a2200000 a 4500
001 in00001403373
005 20151020055506.0
008 971203s1997 cauc 001 0ceng d
020 |a 0912517263 (pbk.) :  |c $7.95 
035 |a (OCoLC)38118285 
035 |9 AHN4610AM 
040 |a OCP  |c OCP  |d IAI  |d TXA  |d UtOrBLW 
049 |a TXAM 
090 |a N40  |b .K79 1997 
100 1 |a Krystal, Barbara. 
245 1 0 |a 100 artists who shaped world history /  |c Barbara Krystal. 
246 3 |a One hundred artists who shaped world history 
246 1 8 |a 100 artists 
264 1 |a San Mateo, CA :  |b Bluewood Books,  |c 1997. 
300 |a 112 pages :  |b portraits ;  |c 23 cm. 
336 |a text  |b txt  |2 rdacontent 
337 |a unmediated  |b n  |2 rdamedia 
338 |a volume  |b nc  |2 rdacarrier 
490 1 |a 100 series 
500 |a Includes index. 
650 0 |a Artists  |x Biography. 
830 0 |a 100 series. 
948 |a c:pk 
999 |a MARS 
999 f f |s 16163f67-b009-3a77-b985-1d1591e92600  |i 225b1235-5740-3658-be85-e3e09ea2b5d8  |t 0 
952 f f |p ric  |a Texas A&M University  |b Rellis Campus  |c Joint Library Facility  |d Remote Storage  |t 0  |e N40 .K79 1997  |h Library of Congress classification  |i unmediated -- volume  |m A14822183423 
998 f f |a N40 .K79 1997  |t 0  |l Remote Storage